Рота. (Дожить до весны): роман

Detalles Bibliográficos
Autor principal: Константинов А.Д. Андрей Дмитриевич
Otros Autores: Цепов Р. Роман (составитель), Подопригора Б. Борис
Sumario:Его зовут - капитан Числов. Он воюет на территории Чеченской республики. У него, как и у его товарищей, мало стимулов рисковать жизнью. У него нет денег, нет квартиры, нет семьи... Его предают и там, в бою, и здесь - в мирной, обычной жизни. Об этом ему скажет очень красивая и очень богатая женщина далеко от войны, в прекрасном и безопасном Петербурге. Но у него есть честь. Честь русского офицера-десантника. И если мы можем гордиться своей армией, то благодаря ему и его боевым товарищам.
Lenguaje:ruso
Publicado: СПб., Нева, 2004
Materias:
Formato: Libro
KOHA link:https://koha.lib.tpu.ru/cgi-bin/koha/opac-detail.pl?biblionumber=80180

MARC

LEADER 00000nam0a2200000 4500
001 80180
005 20231031094514.0
010 |a 5765437672  |b (в пер.)  |b 3500 экз. 
021 |a RU  |b 04-49350  |9 04-2429 
035 |a (RuTPU)RU\TPU\book\86179 
090 |a 80180 
100 |a 20050901d2004 m y0rusy5002 ca 
101 0 |a rus 
102 |a RU 
105 |a a z 000ay 
200 1 |a Рота. (Дожить до весны)  |e роман  |f А. Константинов при участии Р. Цепова и Б. Подопригоры 
210 |a СПб.  |c Нева  |d 2004 
215 |a 318, [1] с., [8] л. ил.  |d 21 см. 
330 |a Его зовут - капитан Числов. Он воюет на территории Чеченской республики. У него, как и у его товарищей, мало стимулов рисковать жизнью. У него нет денег, нет квартиры, нет семьи... Его предают и там, в бою, и здесь - в мирной, обычной жизни. Об этом ему скажет очень красивая и очень богатая женщина далеко от войны, в прекрасном и безопасном Петербурге. Но у него есть честь. Честь русского офицера-десантника. И если мы можем гордиться своей армией, то благодаря ему и его боевым товарищам. 
610 1 |a русская литература 
610 1 |a романы 
610 1 |a боевики 
610 1 |a Чеченская война 
610 1 |a десантные войска 
675 |a Р2  |v 3  |z rus 
700 1 |a Константинов  |b А.Д.  |g Андрей Дмитриевич  |4 070 
702 1 |a Цепов  |b Р.  |g Роман  |4 220 
702 1 |a Подопригора  |b Б.  |g Борис  |4 220 
801 0 |a RU  |b RKP  |c 20040924  |g PSBO 
801 1 |a RU  |b 63413507  |c 20050901  |g PSBO 
801 2 |a RU  |b 63413507  |c 20050914  |g PSBO 
942 |c BK